<?xml version="1.0" encoding="UTF-8"?>
<collection xmlns="http://www.loc.gov/MARC21/slim">
 <record>
  <leader>02012nam a22002777i 4500</leader>
  <controlfield tag="001">000346191</controlfield>
  <controlfield tag="008">161206s1910    ??     fr     000 0 cze?d</controlfield>
  <datafield tag="STA" ind1=" " ind2=" ">
   <subfield code="a">Rychlá katalogizace</subfield>
  </datafield>
  <datafield tag="100" ind1=" " ind2=" ">
   <subfield code="a">Conrad, J.</subfield>
  </datafield>
  <datafield tag="245" ind1=" " ind2="0">
   <subfield code="a">Handwörterbuch der Staatswissenschaften</subfield>
  </datafield>
  <datafield tag="250" ind1=" " ind2=" ">
   <subfield code="a">Dritte gänzlich umgearbeitete Auflage</subfield>
  </datafield>
  <datafield tag="264" ind1=" " ind2="1">
   <subfield code="a">Jena</subfield>
   <subfield code="b">Verlag von Gustav Fischer</subfield>
   <subfield code="c">1910</subfield>
  </datafield>
  <datafield tag="300" ind1=" " ind2=" ">
   <subfield code="a">1038 s.</subfield>
  </datafield>
  <datafield tag="700" ind1=" " ind2=" ">
   <subfield code="a">Elster, L.</subfield>
  </datafield>
  <datafield tag="700" ind1=" " ind2=" ">
   <subfield code="a">Lexis, W.</subfield>
  </datafield>
  <datafield tag="993" ind1=" " ind2=" ">
   <subfield code="x">NEPOSILAT</subfield>
   <subfield code="y">RYCHLA</subfield>
  </datafield>
  <datafield tag="996" ind1=" " ind2=" ">
   <subfield code="1">PDPZ0</subfield>
   <subfield code="3">E303</subfield>
   <subfield code="4">PC=576/19</subfield>
   <subfield code="5">3142293329</subfield>
   <subfield code="7">1909; Erster Band</subfield>
   <subfield code="8">20170112</subfield>
   <subfield code="f">95</subfield>
   <subfield code="h">1909; Erster Band</subfield>
   <subfield code="l">UEP01</subfield>
   <subfield code="m">BOOK</subfield>
   <subfield code="q">Knihovna Žižkov depoz. 0</subfield>
   <subfield code="t">prezenční - lze objednat</subfield>
   <subfield code="u">UEP01</subfield>
   <subfield code="w">20170112</subfield>
  </datafield>
  <datafield tag="996" ind1=" " ind2=" ">
   <subfield code="1">PDPZ0</subfield>
   <subfield code="3">E303</subfield>
   <subfield code="4">PC=576/19</subfield>
   <subfield code="5">3142294024</subfield>
   <subfield code="7">1909; Zweiter Band</subfield>
   <subfield code="8">20170112</subfield>
   <subfield code="f">95</subfield>
   <subfield code="h">1909; Zweiter Band</subfield>
   <subfield code="l">UEP01</subfield>
   <subfield code="m">BOOK</subfield>
   <subfield code="q">Knihovna Žižkov depoz. 0</subfield>
   <subfield code="t">prezenční - lze objednat</subfield>
   <subfield code="u">UEP01</subfield>
   <subfield code="w">20170112</subfield>
  </datafield>
  <datafield tag="996" ind1=" " ind2=" ">
   <subfield code="1">PDPZ0</subfield>
   <subfield code="3">E303</subfield>
   <subfield code="4">PC=576/19</subfield>
   <subfield code="5">3142294025</subfield>
   <subfield code="7">1909; Dritter Band</subfield>
   <subfield code="8">20170112</subfield>
   <subfield code="f">95</subfield>
   <subfield code="h">1909; Dritter Band</subfield>
   <subfield code="l">UEP01</subfield>
   <subfield code="m">BOOK</subfield>
   <subfield code="q">Knihovna Žižkov depoz. 0</subfield>
   <subfield code="t">prezenční - lze objednat</subfield>
   <subfield code="u">UEP01</subfield>
   <subfield code="w">20170112</subfield>
  </datafield>
  <datafield tag="996" ind1=" " ind2=" ">
   <subfield code="1">PDPZ0</subfield>
   <subfield code="3">E303</subfield>
   <subfield code="4">PC=576/19</subfield>
   <subfield code="5">3142294204</subfield>
   <subfield code="7">1909; Vierter Band</subfield>
   <subfield code="8">20170112</subfield>
   <subfield code="f">95</subfield>
   <subfield code="h">1909; Vierter Band</subfield>
   <subfield code="l">UEP01</subfield>
   <subfield code="m">BOOK</subfield>
   <subfield code="q">Knihovna Žižkov depoz. 0</subfield>
   <subfield code="t">prezenční - lze objednat</subfield>
   <subfield code="u">UEP01</subfield>
   <subfield code="w">20170112</subfield>
  </datafield>
  <datafield tag="996" ind1=" " ind2=" ">
   <subfield code="1">PDPZ0</subfield>
   <subfield code="3">E303</subfield>
   <subfield code="4">PC=576/19</subfield>
   <subfield code="5">3142297116</subfield>
   <subfield code="6">3142297116</subfield>
   <subfield code="7">Achter Band</subfield>
   <subfield code="8">20161206</subfield>
   <subfield code="f">95</subfield>
   <subfield code="h">Achter Band</subfield>
   <subfield code="l">UEP01</subfield>
   <subfield code="m">BOOK</subfield>
   <subfield code="q">Knihovna Žižkov depoz. 0</subfield>
   <subfield code="t">prezenční - lze objednat</subfield>
   <subfield code="u">UEP01</subfield>
   <subfield code="w">20161206</subfield>
  </datafield>
  <datafield tag="996" ind1=" " ind2=" ">
   <subfield code="1">PDPZ0</subfield>
   <subfield code="3">E303</subfield>
   <subfield code="4">PC=576/19</subfield>
   <subfield code="5">3142297119</subfield>
   <subfield code="7">Siebenter Band;1911</subfield>
   <subfield code="8">20170120</subfield>
   <subfield code="f">95</subfield>
   <subfield code="h">Siebenter Band;1911</subfield>
   <subfield code="l">UEP01</subfield>
   <subfield code="m">BOOK</subfield>
   <subfield code="q">Knihovna Žižkov depoz. 0</subfield>
   <subfield code="t">prezenční - lze objednat</subfield>
   <subfield code="u">UEP01</subfield>
   <subfield code="w">20170120</subfield>
  </datafield>
  <datafield tag="996" ind1=" " ind2=" ">
   <subfield code="1">PDPZ0</subfield>
   <subfield code="3">E303</subfield>
   <subfield code="4">PC=576/19</subfield>
   <subfield code="5">3142297122</subfield>
   <subfield code="6">3142297122</subfield>
   <subfield code="7">Sechster Band</subfield>
   <subfield code="8">20161206</subfield>
   <subfield code="f">95</subfield>
   <subfield code="h">Sechster Band</subfield>
   <subfield code="l">UEP01</subfield>
   <subfield code="m">BOOK</subfield>
   <subfield code="q">Knihovna Žižkov depoz. 0</subfield>
   <subfield code="t">prezenční - lze objednat</subfield>
   <subfield code="u">UEP01</subfield>
   <subfield code="w">20161206</subfield>
  </datafield>
  <datafield tag="996" ind1=" " ind2=" ">
   <subfield code="1">PDPZ0</subfield>
   <subfield code="3">E303</subfield>
   <subfield code="4">PC=576/19</subfield>
   <subfield code="5">3142297125</subfield>
   <subfield code="7">Fünfter Band</subfield>
   <subfield code="8">20161206</subfield>
   <subfield code="f">95</subfield>
   <subfield code="h">Fünfter Band</subfield>
   <subfield code="l">UEP01</subfield>
   <subfield code="m">BOOK</subfield>
   <subfield code="q">Knihovna Žižkov depoz. 0</subfield>
   <subfield code="t">prezenční - lze objednat</subfield>
   <subfield code="u">UEP01</subfield>
   <subfield code="w">20161206</subfield>
  </datafield>
 </record>
</collection>
